Komparácia princípov projektového manažmentu a projektového vyučovania

Autor v príspevku identifikuje základné princípy projektového manažmentu a na základe interdisciplinárneho porovnania s riadením vyučovacieho procesu poukazuje na možnosti ich aplikácie pri projektovom vyučovaní. Príspevok si dáva za cieľ prepojiť vybrané otázky manažérskej teórie a praxe s teóriou...

Descripción completa

Guardado en:
Detalles Bibliográficos
Autor principal: Novák, Jaromír, 1978-
Formato: Capítulo de libro
Lenguaje:eslovaco
Materias:
Etiquetas: Agregar Etiqueta
Sin Etiquetas, Sea el primero en etiquetar este registro!

MARC

LEADER 00000nla a2200000 4500
001 0224968
005 20240502073703.8
041 0 |a slo 
044 |a SK 
245 1 0 |a Komparácia princípov projektového manažmentu a projektového vyučovania  |c Jaromír Novák 
520 |a Autor v príspevku identifikuje základné princípy projektového manažmentu a na základe interdisciplinárneho porovnania s riadením vyučovacieho procesu poukazuje na možnosti ich aplikácie pri projektovom vyučovaní. Príspevok si dáva za cieľ prepojiť vybrané otázky manažérskej teórie a praxe s teóriou didaktiky a pedagogickou praxou na príklade komparácie týchto fenoménov: projektový manažment verzus projektové vyučovanie. Veľká časť poznatkov z manažérskej teórie projektového riadenia a z didaktickej teórie projektového vyučovania je analogická a založená na porovnateľných princípoch. 
610 2 0 |a manažment 
610 2 0 |a riadenie projektové 
610 2 0 |a vyučovanie 
610 2 0 |a metódy 
610 2 0 |a projekty 
100 1 |a Novák, Jaromír, 1978-